000 00419nam a2200181Ia 4500
001 18131
005 20260306171608.0
008 260306s9999||||xx |||||||||||||| ||und||
041 _aESP
082 _a658.4012
_bF83
100 _aFreeman, R. Edward
_eAUT
245 0 _aStrategic management
260 _c2016
300 _a276 páginas :
_c23 cm.
650 _aGEN
654 _aCAN
942 _cLIB
_dJUS
_fJUS
_2ddc
_n
999 _c18131
_d18131